Prídavok na dieťa
Úplné znenie zákona č. 600/2003 Z. z. o prídavku na dieťa a o zmene a doplnení zákona č. 461/2003 Z. z. o sociálnom poistení v znení neskorších zákonov. Komentár k paragrafom.
Enregistré dans:
| Auteur principal: | |
|---|---|
| Format: | Chapitre de livre |
| Langue: | slovaque |
| Sujets: | |
| Tags: |
Pas de tags, Soyez le premier à ajouter un tag!
|
MARC
| LEADER | 00000naa a2200000 4500 | ||
|---|---|---|---|
| 001 | 0254551 | ||
| 005 | 20230117072142.5 | ||
| 041 | 0 | |a slo | |
| 044 | |a SK | ||
| 245 | 1 | 0 | |a Prídavok na dieťa |c Eva Tináková |
| 520 | |a Úplné znenie zákona č. 600/2003 Z. z. o prídavku na dieťa a o zmene a doplnení zákona č. 461/2003 Z. z. o sociálnom poistení v znení neskorších zákonov. Komentár k paragrafom. | ||
| 610 | 2 | 0 | |a zákony |
| 610 | 2 | 0 | |a prídavky na deti |
| 610 | 2 | 0 | |a poistenie sociálne |
| 610 | 2 | 0 | |a pomoc štátna |
| 100 | 1 | |a Tináková, Eva, 1982- | |